[Event "Open"]
[Site "Rijeka CRO"]
[Date "2007.11.27"]
[Round "4"]
[White "Villeneuve,A"]
[Black "Zrilic,B"]
[Result "1-0"]
[WhiteElo "2276"]
[BlackElo "2079"]

1.d4 d5 2.c4 c6 3.Nf3 dxc4 4.e3 b5 5.a4 Bb7 6.b3 e5 7.Nxe5 Bb4+ 8.Bd2 Qa5
9.bxc4 Nf6 10.Bd3 c5 11.O-O bxc4 12.Bxc4 O-O 13.Qb3 Ba6 14.Bxb4 cxb4 15.Nd2 Nbd7
16.Bxf7+ Kh8 17.Bc4 Nxe5 18.dxe5 Ng4 19.f4 Rad8 20.h3 Rxd2 21.hxg4 Bb7 22.Ra2 Rxa2
23.Qxa2 Qc5 24.Qe2 a5 25.g5 Be4 26.Bd3 Bc6 27.Bc2 Bd5 28.Qd3 Bg8 29.Rf3 Rc8
30.Bb1 Qb6 31.Rh3 h6 32.gxh6 gxh6 33.e6 Rc6 34.Rxh6+ Kg7 35.Rh7+ Kf8 36.Qf5+ Ke8
37.Qg6+  1-0

[Event "Parsvnath ch-Commonwealth"]
[Site "New Delhi IND"]
[Date "2007.12.06"]
[Round "6"]
[White "Saurabh,K"]
[Black "Abhilash,R"]
[Result "1-0"]
[WhiteElo "2291"]
[BlackElo "2069"]

1.Nf3 d5 2.d4 Nf6 3.c4 c6 4.Qc2 e6 5.Bg5 Be7 6.e3 Nbd7 7.Nc3 O-O 8.cxd5 exd5
9.Bd3 Re8 10.O-O-O b5 11.Bxf6 Nxf6 12.Ne5 Bb7 13.Kb1 a6 14.g4 g6 15.h4 Bd6
16.h5 Qc7 17.hxg6 fxg6 18.g5 Bxe5 19.dxe5 Ne4 20.Bxe4 dxe4 21.Nd5 Qxe5 22.Nf6+  1-0

[Event "Open"]
[Site "Granada ESP"]
[Date "2007.12.08"]
[Round "6"]
[White "Movsziszian,K"]
[Black "Fernandez Siles,L"]
[Result "1-0"]
[WhiteElo "2531"]
[BlackElo "2310"]

1.d4 d5 2.c4 c6 3.Nf3 Nf6 4.Nbd2 Bf5 5.e3 e6 6.Be2 Nbd7 7.Nh4 Bg6 8.g3 e5
9.cxd5 cxd5 10.dxe5 Nxe5 11.O-O Nc6 12.b3 Bc5 13.Bb2 O-O 14.Nxg6 hxg6 15.Nf3 Ne4
16.Rc1 Bb6 17.a3 Qe7 18.b4 Rfd8 19.Qd3 a6 20.Rfd1 g5 21.h3 Bc7 22.Bf1 Rd6
23.Rc2 Rad8 24.Nd4 Nxd4 25.Qxd4 Rg6 26.Bg2 Bb6 27.Qd3 Rgd6 28.Bf3 Qe6 29.Kg2 f5
30.Qe2 Rf8 31.Bd4 Bxd4 32.Rxd4 Qe5 33.Qd1 Rfd8 34.a4 f4 35.exf4 gxf4 36.Re2 fxg3
37.Bxe4 dxe4 38.Qb3+ Kh7 39.Rdxe4 Qd5 40.Qxd5 Rxd5 41.Kxg3 R8d7 42.Kg4 Kg6
43.h4 Rd4 44.f3 Kf6 45.h5 R7d5 46.Rxd4 Rxd4+ 47.Re4 Rd5 48.Rf4+ Ke7 49.Kh4 Ke6
50.Rg4 Kf7 51.Rc4 Kf6 52.Rf4+ Ke7 53.Kg4 Ke6 54.a5 Rb5 55.Rc4 Kf6 56.f4 Rd5
57.Rc5 Rd4 58.Rf5+ Ke6 59.Kg5 Rd1 60.Kg6 Rd7 61.Re5+ Kd6 62.Rg5 Rc7 63.Kh7 Rc4
64.Rg6+ Kd5 65.Kxg7  1-0

[Event "Parsvnath ch-Commonwealth"]
[Site "New Delhi IND"]
[Date "2007.12.08"]
[Round "8"]
[White "Saurabh,K"]
[Black "Preethi,R"]
[Result "1/2-1/2"]
[WhiteElo "2291"]
[BlackElo "2125"]

1.Nf3 d5 2.d4 Nf6 3.c4 c6 4.Qc2 Bg4 5.Ne5 Bh5 6.Bf4 e6 7.e3 Nbd7 8.Nc3 Bg6
9.Nxg6 hxg6 10.h3 dxc4 11.Bxc4 Nb6 12.Be2 Bd6 13.Bg5 Qc7 14.e4 Bf4 15.Bxf4 Qxf4
16.Qc1 Qxc1+ 17.Rxc1 O-O-O 18.Rd1 Rd7 19.e5 Nfd5 20.Ne4 Kb8 21.O-O Nf4 22.Bf3 Rhd8
23.g3 Nfd5 24.Nc5 Rc7 25.Bxd5 Rxd5 26.f4 Nc4 27.Rf3 Rc8 28.Rc3 Nb6 29.b3 Rcd8
30.Rcd3 Nc8 31.Ne4 b6 32.R3d2 a5 33.Kf2 Kc7 34.g4 Rh8 35.Rd3 Rhd8 36.Ke2 R5d7
37.Ng5 Na7 38.Ke3 Re7 39.Rf1 Kb7 40.Ne4 Nc8 41.Kd2 Red7 42.Ke3 Re7 43.Rf2 Red7
44.Rfd2 Ne7 45.Nd6+ Kc7 46.Ke4 Nd5 47.Rf3 Rh8 48.Rg2 Rh4 49.a3 Rh8 50.f5 gxf5+
51.gxf5 exf5+ 52.Nxf5 g6 53.Nd6 Rh4+ 54.Rg4 Rh7 55.Kd3 c5 56.Kc4 Kc6 57.Nb5 Rh5
58.e6 fxe6 59.Rxg6 Re7 60.Rg4 Reh7 61.Re4 Re7 62.h4 cxd4 63.Nxd4+ Kd6 64.Nb5+ Kc6
65.Rf8 Kd7 66.a4 Reh7 67.Ra8 Rxh4 68.Ra7+ Kc8 69.Nd6+ Kb8 70.Rxh7 Rxh7 71.Rxe6 Nc7
72.Re4 Rh6 73.Rd4 Rg6 74.Rd3 Rg4+ 75.Kc3 Rg6 76.Nc4 Kb7 77.Kd4 Ne6+ 78.Ke5 Nc5
79.Rh3 Kc6 80.Kf5 Re6 81.Rh8 Kb7 82.Rh7+ Kb8 83.Rg7 Rc6 84.Ke5 Nxb3 85.Nd6 Rc5+
86.Ke4  1/2-1/2

[Event "XVII Magistral"]
[Site "Elgoibar ESP"]
[Date "2007.12.10"]
[Round "1"]
[White "Gomez Esteban,J"]
[Black "Korneev,O"]
[Result "1/2-1/2"]
[WhiteElo "2490"]
[BlackElo "2587"]

1.d4 d5 2.c4 c6 3.Nf3 Nf6 4.Qc2 dxc4 5.Qxc4 Bg4 6.Ne5 Be6 7.Qd3 Nbd7 8.Nxd7 Qxd7
9.e4 Rd8 10.Be3 Bg4 11.f3 Bh5 12.Qb3 e6 13.Nc3 Be7 14.O-O-O O-O 15.h4 Bg6
16.g4 h5 17.g5 Ne8 18.Ne2 Bd6 19.Nf4 Bxf4 20.Bxf4 Nd6 21.Rh2 Rc8 22.Rhd2 Kh7
23.Kb1 Rcd8 24.Ka1 Qe7 25.Qa3 a6 26.Qc5 Rfe8 27.a3 Rd7 28.Bh3 Rc8 29.Rc1 Re8
30.Rcd1 Rc8 31.Bf1 Qd8 32.Be5 Nb5 33.Qb4 Nd6 34.Qc3 Nb5 35.Qe3 Qe7 36.Bc4 Rcd8
37.Ba2 c5 38.d5 exd5 39.Rxd5 Rxd5 40.Rxd5 Rxd5 41.exd5 b6 42.Bb1 Qd7 43.Be4 Nd6  1/2-1/2

[Event "Parsvnath ch-Commonwealth"]
[Site "New Delhi IND"]
[Date "2007.12.10"]
[Round "10"]
[White "Saurabh,K"]
[Black "Deepthamsh,R"]
[Result "1/2-1/2"]
[WhiteElo "2291"]
[BlackElo "2005"]

1.Nf3 d5 2.d4 Nf6 3.c4 c6 4.Qc2 g6 5.Bf4 dxc4 6.Qxc4 Bg7 7.e3 O-O 8.Be2 h6
9.O-O Nbd7 10.Qc2 Nh5 11.Bg3 Nxg3 12.hxg3 e5 13.Rd1 exd4 14.Nxd4 Qe7 15.Nc3 Nf6
16.Rd2 Rd8 17.Rad1 Bg4 18.Bf3 Bxf3 19.gxf3 Nd5 20.Nxd5 Rxd5 21.f4 Rad8 22.Nf3 Rxd2
23.Rxd2 Rxd2 24.Nxd2 Qb4  1/2-1/2

[Event "UTD GM Invitational"]
[Site "Richardson USA"]
[Date "2007.12.11"]
[Round "8"]
[White "Ramirez,Alej"]
[Black "Stopa,Ja"]
[Result "1-0"]
[WhiteElo "2505"]
[BlackElo "2410"]

1.d4 d5 2.c4 c6 3.Nf3 dxc4 4.e3 Be6 5.Nc3 b5 6.a4 b4 7.Nb1 Nf6 8.Nbd2 c3
9.bxc3 bxc3 10.Nc4 Bd5 11.Ba3 Nbd7 12.Qc2 g6 13.Be2 Bg7 14.O-O O-O 15.Rad1 Re8
16.Nfe5 Qc7 17.Nxd7 Nxd7 18.e4 Bxc4 19.Bxc4 c5 20.Qxc3 e6 21.Bb5 Rec8 22.Qc2 cxd4
23.Qxc7 Rxc7 24.Bd6 Rb7 25.Bc6 Rb6 26.Bxa8 Rxd6 27.f4 Nb6 28.e5 Rd8 29.Bc6 Bf8
30.Rd3 Rc8 31.Bb5 Bb4 32.g4 Nd5 33.f5 exf5 34.gxf5 gxf5 35.Rxf5 Rc1+ 36.Rf1 Rxf1+
37.Kxf1 Bc3 38.Rf3 Kg7 39.Ke2 Nb4 40.Rf5 d3+ 41.Bxd3 Nc6 42.Rg5+ Kh6 43.Rg4 Bxe5
44.Rh4+ Kg5 45.Rxh7 f5 46.h4+ Kg6 47.Rd7 Kh5 48.Bxf5 Kxh4 49.Be4 Nd4+ 50.Kd3 Nb3
51.Rxa7 Nc5+ 52.Kc4 Nxe4 53.Kd5 Bb8 54.Rh7+ Kg5 55.Kxe4  1-0

[Event "UTD GM Invitational"]
[Site "Richardson USA"]
[Date "2007.12.13"]
[Round "10"]
[White "Bercys,S"]
[Black "Stopa,Ja"]
[Result "1/2-1/2"]
[WhiteElo "2418"]
[BlackElo "2410"]

1.d4 d5 2.c4 c6 3.Nf3 dxc4 4.a4 b5 5.e3 e6 6.b3 Bb4+ 7.Bd2 Bxd2+ 8.Nfxd2 Nf6
9.bxc4 bxc4 10.Nxc4 O-O 11.Be2 Nbd7 12.O-O Rb8  1/2-1/2

[Event "ch-Central Serbia"]
[Site "Vrnjacka Banja SRB"]
[Date "2007.12.14"]
[Round "7"]
[White "Drazic,S"]
[Black "Pikula,D"]
[Result "1-0"]
[WhiteElo "2493"]
[BlackElo "2494"]

1.d4 Nf6 2.Nf3 d5 3.c4 c6 4.Qb3 dxc4 5.Qxc4 Bf5 6.g3 e6 7.Bg2 Be7 8.O-O O-O
9.e3 Nbd7 10.Rd1 Rc8 11.Qe2 h6 12.Bd2 Bc2 13.Rc1 Bh7 14.Be1 c5 15.Nc3 cxd4
16.Nxd4 Nc5 17.Rd1 Qb6 18.b4 Nce4 19.Na4 Qc7 20.f3 Nd6 21.e4 e5 22.Nb3 g5
23.g4 Rfd8 24.Bf1 Nde8 25.Qf2 Rxd1 26.Rxd1 b6 27.Nb2 Ng7 28.Nc4 Ne6 29.Rc1 Qb8
30.Qb2 Nd7 31.Rd1 Qc7 32.Ne3 Nf4 33.Nc1 Nf8 34.Nd3 N8g6 35.Nf5 Bf8 36.Rc1 Qd7
37.Rxc8 Qxc8 38.Nxe5 Nxe5 39.Qxe5 Bxf5 40.exf5 Bg7 41.f6 Bf8 42.Bd2 Ng6 43.Qc3 Qd8
44.Bc4 Bd6 45.Ba6 Ne5 46.Bb7 Qxf6 47.Be4 Qe6 48.Qd4 Be7 49.Qd5 Qxd5 50.Bxd5 Nd3
51.a3 Bd6 52.Bc4 Ne5 53.Bd5 Nd3 54.Be4 Bf4 55.Bc3 Be5 56.Bd2 Nf4 57.Kf1 Bd4
58.Ke1 Kg7 59.Kd1 Kf6 60.h4 Ke5 61.hxg5 hxg5 62.Kc2 f6 63.a4 Nd5 64.Kd3 a6
65.Be1 Ba1 66.Kc4 Ne3+ 67.Kd3 Nd5 68.Bg3+ Nf4+ 69.Kc4 Bd4 70.Bb7 a5 71.bxa5 bxa5
72.Be1 Ne6 73.Bxa5 f5 74.gxf5 Kxf5 75.Bc8 Ba7 76.Kd5  1-0

[Event "ch-Central Serbia"]
[Site "Vrnjacka Banja SRB"]
[Date "2007.12.15"]
[Round "8"]
[White "Tosic,M"]
[Black "Stojanovic,Zl"]
[Result "1/2-1/2"]
[WhiteElo "2422"]
[BlackElo "2245"]

1.d4 d5 2.c4 c6 3.Nf3 Nf6 4.Qc2 dxc4 5.Qxc4 Bg4 6.Nbd2 e6 7.g3 Nbd7 8.Bg2 Bd6
9.Qb3 Qb6 10.Nc4 Qxb3 11.Nxd6+ Ke7 12.axb3 Kxd6 13.Ng5 Ke7 14.f3 Bh5 15.e4 c5
16.Be3 Rhc8 17.O-O h6 18.Nh3 cxd4 19.Bxd4 e5 20.Bc3 Ne8 21.Ra5 b6 22.Rd5 Nc7
23.Bb4+ Ke8 24.Rd2 Na6 25.Bc3 Nac5 26.Rfd1 Rc7 27.g4 Bg6 28.Bf1 a6 29.Bc4 Raa7
30.Nf2 f6 31.Bd5 Bf7 32.b4 Na4 33.Rd3 Nxc3 34.bxc3 a5 35.Ra1 axb4 36.Bxf7+ Kxf7
37.Rxa7 Rxa7 38.cxb4 Ke7 39.Nd1 Nf8 40.Nc3 Ne6 41.Nd5+ Kf7 42.Nxb6 Ra1+ 43.Kf2 Ra2+
44.Ke1 Nd4 45.Nd5 Rxh2 46.Kf1 Kg6 47.f4 Rb2 48.Ne7+ Kf7 49.Nd5 h5 50.gxh5 Rh2
51.f5 Rxh5 52.Ra3 Rh4 53.Ra7+ Kg8 54.Ne7+ Kh7 55.Nd5 Kh6 56.Nc3 Rh1+ 57.Kf2 Rc1
58.Nd5 Rb1 59.Rb7 Rb3 60.Ke1 Rd3 61.b5 Nxf5 62.b6 Ng3 63.Rb8 Rb3 64.Kd2 Nxe4+
65.Kc2 Rb5 66.Nc7 Rc5+ 67.Kb3 Nd6 68.Rh8+ Kg6 69.Rd8 Nc4 70.Kb4 Rc6 71.Nd5 Rd6
72.Rxd6 Nxd6 73.Kc5 Nb7+ 74.Kc6 Na5+ 75.Kb5 Nb7 76.Kc6  1/2-1/2

[Event "7th Amplico AIG Life"]
[Site "Warsaw POL"]
[Date "2007.12.15"]
[Round "5"]
[White "Grabarczyk,M"]
[Black "Olejarczyk,B"]
[Result "1-0"]
[WhiteElo "2464"]
[BlackElo "2203"]

1.d4 d5 2.c4 c6 3.Nf3 Nf6 4.Qc2 g6 5.cxd5 cxd5 6.Nc3 Bg7 7.Bf4 O-O 8.e3 a6
9.Be2 Nc6 10.O-O Bf5 11.Qa4 b5 12.Qd1 Qb6 13.Rc1 Rac8 14.Qb3 Rfd8 15.Na4 Qa5
16.Nc5 Qb6 17.a4 Na5 18.Qa2 Ne4 19.Nd3 Rc4 20.axb5 axb5 21.b4 Rxc1 22.Rxc1 Nc4
23.h3 Qb7 24.Nc5 Qa8 25.Qb3 Qa7 26.g4 Nxc5 27.bxc5 Bd7 28.Ne5 Bxe5 29.Bxe5 Ra8
30.e4 f6 31.Bg3 Qa2 32.Qxa2 Rxa2 33.Bf1 Bc6 34.exd5 Bxd5 35.c6 Bxc6 36.Rxc4 bxc4
37.Bxc4+  1-0

[Event "TCh-HUN 2007-8"]
[Site "Budapest HUN"]
[Date "2007.12.16"]
[Round "5"]
[White "Kerek,C"]
[Black "Videki,S"]
[Result "1-0"]
[WhiteElo "2289"]
[BlackElo "2420"]

1.d4 d5 2.Nf3 Nf6 3.c4 c6 4.g3 dxc4 5.Bg2 b5 6.Ne5 Bb7 7.O-O e6 8.a4 a6 9.b3 cxb3
10.Bb2 Nfd7 11.Nd3 Be7 12.Qxb3 O-O 13.Nd2 Qb6 14.a5 Qa7 15.Ne4 Rd8 16.Rac1 Nf8
17.Ne5 Ng6 18.Nxg6 hxg6 19.Qc3 Bf8 20.Nc5 Bc8 21.Ne4 Qd7 22.Rfd1 Ra7 23.Nc5 Qc7
24.Ne4 b4 25.Qf3 Qxa5 26.d5 f5 27.Ng5 exd5 28.Qf4 Nd7 29.Qe3 Nb6 30.Rxc6 Rb7
31.Rxc8 Nxc8 32.Qe6+ Kh8 33.Qxg6  1-0

[Event "7th Amplico AIG Life"]
[Site "Warsaw POL"]
[Date "2007.12.16"]
[Round "10"]
[White "Wojtaszek,R"]
[Black "Zawadzki,S"]
[Result "1-0"]
[WhiteElo "2635"]
[BlackElo "2415"]

1.d4 d5 2.c4 c6 3.Nf3 Nf6 4.Qc2 dxc4 5.Qxc4 Bf5 6.g3 e6 7.Bg2 Nbd7 8.O-O Be7
9.Nc3 O-O 10.Re1 Ne4 11.Qb3 Qb6 12.Nh4 Bxh4 13.gxh4 Ndf6 14.f3 Qxb3 15.axb3 Nxc3
16.bxc3 Bc2 17.Ra3 a5 18.e4 a4 19.bxa4 Rxa4 20.Rxa4 Bxa4 21.Bf1 Ra8 22.Bb2 Bb3
23.Ra1 Rxa1 24.Bxa1 Nd7 25.Bb2 f5 26.Kf2 Kf7 27.Bd3 fxe4 28.fxe4 e5 29.Ke3 h6
30.Ba3 Be6 31.Bd6 Kf6 32.Bc7 Bh3 33.Be2 Be6 34.Bd8+ Kf7 35.Bf3 Bh3 36.Bc7 Ke6
37.Be2 exd4+ 38.cxd4 Nf6 39.Bg3 Bg2 40.Bd3 Bh1 41.Bc2 Ke7 42.Be1 Bg2 43.Kf4 Bh3
44.Bb4+ Kf7 45.Ke5 Bg2 46.Kf4 Bh1 47.Ba3 Bg2 48.Kf5 Bh3+ 49.Ke5 Bg2 50.Bb3+ Ke8
51.Bc2 Kf7 52.Kf4 Bh1 53.Kf5 Bg2 54.Bb3+ Ke8 55.e5 Be4+ 56.Kf4 Bd5 57.Bc2 Ng8
58.Bg6+ Kd7 59.Bf8 Be6 60.h5 b5 61.h4 b4 62.Bxb4 Ne7 63.Bxe7 Kxe7 64.Be4 Bd7
65.Bf3 Kf7 66.Be4 Ke7 67.Ke3 Kd8 68.Kd3 Kc7 69.Bg6 Be6 70.Ke4 Kd8 71.Bf5 Bf7
72.Bg6 Be6 73.Kf4 Ke7 74.Be4 Bd7 75.Ke3 Kd8 76.Kd3 Kc7 77.Kc4 Be6+ 78.Kc5 Bd7
79.Bf3 Be8 80.e6  1-0

[Event "Open A"]
[Site "Zadar CRO"]
[Date "2007.12.21"]
[Round "8"]
[White "Kurajica,B"]
[Black "Jovanic,O"]
[Result "1/2-1/2"]
[WhiteElo "2554"]
[BlackElo "2492"]

1.d4 d5 2.c4 c6 3.Qc2 Nf6 4.Nf3 dxc4 5.Qxc4 Bf5 6.g3 e6 7.Bg2 Nbd7 8.O-O Be7
9.Nbd2 O-O 10.Qb3 Qb6 11.Nc4 Qa6 12.Bf4 Nb6 13.Nfe5 Rfd8 14.Rfd1 Be4 15.Rac1 Bxg2
16.Kxg2 Nfd5 17.Bd2 Bf6 18.e3 Nxc4 19.Nxc4 Rd7 20.Qc2 Nb6 21.Na5 Rad8 22.Nb3 Be7
23.a3 Qb5 24.e4 h6 25.Be3 Qh5 26.f3 Bg5 27.g4 Qg6 28.f4 Be7 29.h3 f5 30.Kf3 Qf7
31.Nd2 Rf8 32.Kg3 fxe4 33.Qxe4 Nd5 34.Nc4 Bd6 35.Nxd6 Rxd6 36.Rc2 Nf6 37.Qd3 Rfd8
38.Rf1 Nd5 39.Bg1 Rf8 40.Be3 Qf6 41.Re2 Nxe3 42.Qxe3 Rfd8 43.Rf3 R8d7 44.f5 exf5
45.Rxf5 Qg6 46.Rf4 Kh7 47.Kg2 Rd8 48.b4 Rd5 49.Qe4 R8d7 50.Kf3 a5 51.Qxg6+ Kxg6
52.bxa5 Rxa5 53.Re3 Ra4 54.Rb3 Raxd4 55.Rxd4 Rxd4 56.Rxb7 Rd3+ 57.Kf4 Rxh3
58.Rd7 Rc3 59.Rd6+ Kf7 60.a4 Rc4+ 61.Kf3 Ke7 62.Rg6 Kf7 63.Rd6 Rc5 64.a5 Ke7
65.Rg6 Kf7 66.Rd6 Rxa5 67.Rxc6 Re5 68.Rb6 Re6 69.Rb5 g6 70.Kf4 Kf6 71.Ra5 Rb6
72.Rc5 Rb4+ 73.Kf3 Rb1 74.Kf4 Rf1+ 75.Kg3 Re1 76.Kf4 g5+ 77.Kf3 Rf1+ 78.Kg3 Rd1
79.Rc6+ Ke5 80.Rxh6 Rd3+ 81.Kg2 Kf4 82.Rh3 Rd2+ 83.Kg1 Kxg4 84.Rb3 Rc2  1/2-1/2

[Event "16th Donau Open"]
[Site "Aschach Donau AUT"]
[Date "2007.12.26"]
[Round "1"]
[White "Cifka,S"]
[Black "Raber,F"]
[Result "1/2-1/2"]
[WhiteElo "2406"]
[BlackElo "2070"]

1.d4 d5 2.Nf3 c6 3.c4 dxc4 4.e3 b5 5.a4 e6 6.axb5 cxb5 7.b3 Bb4+ 8.Bd2 Bxd2+
9.Nbxd2 a5 10.bxc4 b4 11.Ne5 Nf6 12.Qa4+ Nfd7 13.c5 O-O 14.Nec4 Bb7 15.Nd6 Bc6
16.Bb5 Nb6 17.cxb6 Qxd6 18.O-O Bd5 19.Rfc1 Qxb6 20.Nc4 Bxc4 21.Rxc4 Rd8 22.Rc5 Kf8
23.Rac1 Ra7 24.Bd3 Rdd7 25.Rc8+ Rd8 26.R8c5 Rdd7 27.Ra1 Rd5 28.Rc8+ Rd8 29.Rc4 Rdd7
30.h4 Rdc7 31.Rxc7 Qxc7 32.Ra2 Qc1+ 33.Kh2 Qc7+ 34.Kh3 Qd7 35.Bb5 Qd5 36.Rc2 Nd7
37.Rc8+ Ke7 38.Bc6 Qf5+ 39.Kg3 Nf6 40.Bf3 e5 41.Rc5 Qg6+ 42.Kh3 Nd7 43.Rxa5 Rxa5
44.Qxb4+ Qd6 45.Qxa5 exd4 46.Qg5+ Nf6 47.exd4 Qxd4 48.Qxg7 Qxf2 49.Qg5 Qd4
50.Qa5 Qd7+ 51.Kh2 Qd6+ 52.g3 Qd4 53.Qc7+ Kf8 54.Qc2 Kg7 55.Qe2 h6 56.Kh3 Qd7+
57.Kg2 Qe6 58.Qd2 Qd7 59.Qf4 Qd3 60.g4 Qg6 61.Kh3 Qd3 62.Kg2 Qc2+ 63.Kg3 Qg6
64.Qe5 Kg8 65.Kf4 Nd7 66.Qe8+ Nf8 67.Qb8 Qf6+ 68.Kg3 Kg7 69.Qb7 Ne6 70.Qe4 Qd4
71.Qe1 Qf4+ 72.Kg2 Qd4 73.Qc1 Qe5 74.Qd2 Nf4+ 75.Kf1 Ne6 76.Qf2 Qa1+ 77.Kg2 Qf6  1/2-1/2

[Event "Weihnachtsopen Meister"]
[Site "Zurich SUI"]
[Date "2007.12.26"]
[Round "1"]
[White "Tremp,V"]
[Black "Haas,C"]
[Result "0-1"]
[WhiteElo "1993"]
[BlackElo "2169"]

1.d4 d5 2.Nf3 Nf6 3.c4 c6 4.g3 dxc4 5.Bg2 g6 6.Nbd2 Bg7 7.Nxc4 O-O 8.O-O Nbd7
9.b3 Nb6 10.Ba3 Re8 11.Nfe5 Ng4 12.e3 Nxc4 13.Nxc4 a5 14.Bc5 Ra6 15.Rc1 Be6
16.Qe2 a4 17.Rfd1 axb3 18.axb3 Nf6 19.Ra1 Rxa1 20.Rxa1 Nd7 21.Ba3 b5 22.Nd2 c5
23.Bxc5 Nxc5 24.Ra8 Qxa8 25.Bxa8 Rxa8 26.dxc5 Bh3 27.f4 b4 28.Qd3 Bc3 29.e4 Ra1+
30.Nb1 e5 31.fxe5 Bxe5 32.Kf2 Ra2+ 33.Ke3 Rxh2 34.Nd2 Rg2 35.Qd8+ Kg7 36.Kd3 Be6
37.Nc4 Rxg3+ 38.Ke2 Bf6 39.Qd6 Rxb3 40.Nd2 Bg4+ 41.Kf2 Bh4+ 42.Kg1 Rg3+ 43.Kh1 Rh3+
44.Kg2 Rg3+ 45.Kh1 b3 46.Qe5+ f6 47.Qe7+ Kh6 48.Qf8+ Kh5 49.Qf7 Bg5 50.Nxb3 Bf3+
51.Kh2 Kg4  0-1

[Event "16th Donau Open"]
[Site "Aschach Donau AUT"]
[Date "2007.12.27"]
[Round "3"]
[White "Horvath,Jo1"]
[Black "Teuschler,H"]
[Result "1-0"]
[WhiteElo "2519"]
[BlackElo "2107"]

1.d4 d5 2.c4 c6 3.Nf3 Nf6 4.Qb3 dxc4 5.Qxc4 Qd5 6.Qa4 b5 7.Qd1 e6 8.g3 Bb4+
9.Bd2 c5 10.Bxb4 cxb4 11.Bg2 Bb7 12.Nbd2 O-O 13.O-O a5 14.Nb3 Ra7 15.Nc5 Qd8
16.Nxb7 Rxb7 17.Ne5 Rb6 18.e3 Nfd7 19.Nd3 Na6 20.Rc1 Qe7 21.f4 Qd6 22.Rf2 Rd8
23.Rfc2 Ndb8 24.Qf3 g6 25.b3 a4 26.Ne5 axb3 27.axb3 Qd5 28.Rc8 Rd6 29.Qd1  1-0

[Event "Abierto"]
[Site "Pamplona ESP"]
[Date "2007.12.28"]
[Round "8"]
[White "Martinez Martin,D"]
[Black "San Segundo Carrillo,P"]
[Result "1/2-1/2"]
[WhiteElo "2400"]
[BlackElo "2536"]

1.d4 d5 2.c4 c6 3.Nf3 Nf6 4.Nbd2 Bf5 5.Nh4 Be6 6.e3 g6 7.Bd3 Bg7 8.O-O O-O
9.c5 b6 10.Qc2 Nfd7 11.cxb6 axb6 12.f4 f5  1/2-1/2

[Event "XVIII Cracovia"]
[Site "Krakow POL"]
[Date "2008.01.02"]
[Round "7"]
[White "Mikrut,D"]
[Black "Vaznonis,V"]
[Result "1/2-1/2"]
[WhiteElo "2409"]
[BlackElo "2357"]

1.d4 d5 2.c4 c6 3.Nf3 Nf6 4.Nbd2 Bf5 5.Nh4 Be4 6.f3 Bg6 7.e3 Nbd7 8.Qb3 Qc7
9.Nxg6 hxg6 10.f4 e6 11.Nf3 Ne4 12.Bd3 Qa5+ 13.Bd2 Nxd2 14.Nxd2 dxc4 15.Bxc4 Nb6
16.O-O-O O-O-O 17.Nf3 Nxc4 18.Qxc4 Bd6 19.Kb1 Qf5+ 20.Ka1 Kb8 21.h3 Rd7 22.Qb3 Rhd8
23.Rc1 Rc7 24.Rhd1 Rdc8 25.Qc4 Qe4 26.Qd3 Qxd3 27.Rxd3 Rd8 28.Kb1 Kc8 29.Rcc3 Kd7
30.Kc2 Ke7 31.Kd1 Rdc8 32.Ke2 b5 33.Rd1 a6 34.Rdc1 a5 35.Kd3 a4 36.R3c2 Kd7
37.Ng5 Ke8 38.Ne4 Be7 39.Nc5 Bxc5 40.Rxc5 Kd7 41.Kc3 Kd6 42.Kb4 Rh8 43.R1c2 f5
44.Rf2 Rd7 45.Rf3 Kc7 46.Rg3 Rh6 47.Re5 Kd6 48.Rg5 Rf7 49.Rc5 Rf6 50.Rg3 Rf7
51.Ka5 Rf8 52.Kb4 Rf7 53.Kc3 Rf6 54.Kd3 Rh5 55.Re5 Rh4 56.Rc5 Rh5 57.Kc3 Rh8
58.Kb4 Rh6 59.Rf3 Rf7 60.Ka5 Rf8 61.a3 Ra8+ 62.Kb4 Rh4 63.Kc3 Rf8 64.Kd3 Rh5
65.Rg3 Rf6 66.Ke2 Rh4 67.Rf3 Rf7 68.Rg3 Rf6 69.Kd3 Rh5 70.Kc3 Rh4 71.Kb4 Rh8
72.Rf3 Rh4 73.Ka5 Rf8 74.Rg3 Ra8+ 75.Kb4 Rh6 76.Rg5 Rf8 77.Re5 Rf6 78.b3 axb3
79.Kxb3 Rh8 80.a4 bxa4+ 81.Kxa4 Rb8 82.Ra5 Rb1 83.Ka3 Rf7 84.Ka2 Rfb7 85.Rxg6 R7b2+
86.Ka3 Rb3+ 87.Ka2 R1b2+ 88.Ka1 Re2 89.d5 Rbxe3 90.Rxe6+ Rxe6 91.dxe6 Kxe6
92.g4 g6 93.Rc5 fxg4 94.hxg4 Re4 95.Rxc6+ Kf7 96.Rc7+ Kf6 97.Rc6+ Kf7 98.Rc7+ Kf6
99.g5+ Kf5 100.Rf7+ Kg4 101.Rf6  1/2-1/2

[Event "Petrovskaya Ladya IM"]
[Site "Peterhof RUS"]
[Date "2008.01.05"]
[Round "4"]
[White "Duzhakov,I"]
[Black "Kosov,Iv"]
[Result "0-1"]
[WhiteElo "2143"]
[BlackElo "2365"]

1.d4 d5 2.c4 c6 3.Nf3 Nf6 4.Qc2 a6 5.Nbd2 g6 6.e4 dxe4 7.Nxe4 Nbd7 8.Bd3 Bg7
9.Ng3 c5 10.d5 b5 11.O-O bxc4 12.Bxc4 O-O 13.Bf4 Nb6 14.Rad1 Nfxd5 15.Bxd5 Nxd5
16.Qxc5 Bb7 17.Rd3 Rc8 18.Qa7 Qb6 19.Qxb6 Nxb6 20.Rb3 Bxf3 21.Rxb6 Rc6 22.Rxc6 Bxc6
23.Re1 Rd8 24.h3 e6 25.Be5 Rd2 26.Bxg7 Kxg7 27.Re2 Rxe2 28.Nxe2 Kf6 29.f3 g5
30.Kf2 Ke5 31.Ke3 h5 32.Ng3 h4 33.Ne4 f5 34.Nxg5 f4+ 35.Kf2 a5 36.b3 Bd5
37.Ke2 Kd4 38.Kd2 e5 39.Nh7 e4 40.fxe4 Bxe4 41.Nf8 Bxg2 42.Ne6+ Ke5 43.Nc5 Bxh3
44.Ke2 Bg4+ 45.Kf2 h3 46.a3 Kd4 47.b4 axb4 48.axb4 Kc4 49.Ne4 h2 50.Nd2+ Kc3  0-1

[Event "XXXIII Open"]
[Site "Sevilla ESP"]
[Date "2008.01.05"]
[Round "1"]
[White "Gutierrez Valero,M"]
[Black "Komljenovic,D"]
[Result "0-1"]
[WhiteElo "1834"]
[BlackElo "2482"]

1.d4 d5 2.c4 c6 3.Nf3 Nf6 4.g3 dxc4 5.Bg2 b5 6.O-O Bb7 7.Bf4 e6 8.Ne5 Nd5
9.e4 Nxf4 10.gxf4 Bd6 11.Qg4 O-O 12.Kh1 Qe7 13.Rg1 f6 14.Nf3 Nd7 15.e5 Bc7
16.Nbd2 f5 17.Qg3 Nb6 18.Ng5 Rad8 19.Bf3 g6 20.Rad1 Rxd4 21.h4 Nd5 22.Bxd5 Rxd5
23.h5 Rfd8 24.Ngf3 c5 25.hxg6 h6 26.Kh2 Kg7 27.Qh3 Rd3 28.Rg3 Rxf3 29.Rxf3 Ba5
30.Rh1 Bxd2 31.Kg3 Bxf4+ 32.Rxf4 Qg5+  0-1

[Event "TCh-BEL 2007-8"]
[Site "Belgium BEL"]
[Date "2008.01.06"]
[Round "6"]
[White "Mohandesi,S"]
[Black "Drabke,L"]
[Result "0-1"]
[WhiteElo "2323"]
[BlackElo "2425"]

1.d4 d5 2.c4 c6 3.Nf3 Nf6 4.Qc2 dxc4 5.e4 b5 6.b3 cxb3 7.axb3 e6 8.Bd2 a5
9.Bd3 Bb7 10.O-O Be7 11.Rc1 h6 12.Nc3 Na6 13.e5 Nd7 14.Be4 Nb4 15.Qd1 Qb6
16.Be3 Nd5 17.Nxd5 cxd5 18.Bb1 Nb8 19.Ne1 Na6 20.Qg4 g6 21.Nd3 Rc8 22.Qd1 Rxc1
23.Qxc1 h5 24.Qd2 b4 25.Nf4 Kd7 26.Bd3 Rc8 27.Qe2 Nc7 28.Qa2 Ra8 29.Bf1 Nb5
30.Rc1 Nc3 31.Qb2 Ba6 32.Bd3 Rc8 33.Ra1 Bxd3 34.Nxd3 Qb5 35.Qd2 Ne4 36.Qd1 Nc3
37.Qd2 Ke8 38.f3 a4 39.bxa4 Nxa4 40.Qa2 Nc3 41.Qa6 Qxa6 42.Rxa6 Rb8 43.Kf1 Nb5
44.Nc1 Rc8 45.Ke2 Nxd4+ 46.Kd3 Rc3+ 47.Kd2 Bc5 48.Ra8+ Kd7 49.Bxd4 Bxd4 50.Nd3 Ra3
51.Rf8 Ke7 52.Rb8 b3 53.f4 Ra2+ 54.Kc1 Ra1+ 55.Kd2 b2 56.Rb7+ Ke8 57.Nxb2 Ra2
58.Kc1 Rxb2 59.Rxb2 Bxb2+ 60.Kxb2 Kd7 61.Kc3 Kc6 62.Kd4 Kb5 63.g3 Kb4 64.h3 Kb5
65.g4 hxg4 66.hxg4 Kb4 67.f5 g5  0-1

[Event "XXXIII Open"]
[Site "Sevilla ESP"]
[Date "2008.01.06"]
[Round "2"]
[White "Epishin,V"]
[Black "Borondo Garcia,R"]
[Result "1-0"]
[WhiteElo "2577"]
[BlackElo "2052"]

1.d4 d5 2.c4 c6 3.Nf3 Nf6 4.Qb3 e6 5.Bg5 Be7 6.e3 Ne4 7.Bxe7 Qxe7 8.Bd3 f5
9.Ne5 O-O 10.Qa3 Qd8 11.O-O a5 12.f3 Nf6 13.Nd2 dxc4 14.Bxc4 b5 15.Be2 Nd5
16.Rfe1 f4 17.exf4 Rxf4 18.Ne4 b4 19.Qd3 Rf5 20.Qd2 Nf4 21.Rad1 Nd5 22.Bd3 Rf4
23.g3 Rf5 24.f4 a4 25.Ng5 h6 26.Ngf3 Rf6 27.Bb1 Nd7 28.Ng4 a3 29.Qc2 Nf8
30.Nxf6+ Nxf6 31.b3 h5 32.Re5 Ng4 33.Rxh5 Ne3 34.Qe2 Nxd1 35.Qxd1 Ra5 36.Ne5 Rd5
37.Nxc6 Qe8 38.Rxd5 exd5 39.Ne5  1-0

[Event "XXXIII Open"]
[Site "Sevilla ESP"]
[Date "2008.01.07"]
[Round "4"]
[White "Lazaro Porta,A"]
[Black "Kononenko,T"]
[Result "0-1"]
[WhiteElo "2053"]
[BlackElo "2378"]

1.Nf3 d5 2.d4 Nf6 3.c4 c6 4.g3 Bf5 5.Nbd2 e6 6.Bg2 Be7 7.O-O h6 8.Qb3 Qb6
9.c5 Qc7 10.Ne5 b6 11.cxb6 axb6 12.Ndf3 Nbd7 13.Bf4 Bd6 14.Rfc1 c5 15.Nxd7 Nxd7
16.Bxd6 Qxd6 17.Qb5 O-O 18.dxc5 bxc5 19.Nh4 Bh7 20.e4 Rab8 21.Qe2 g5 22.Nf3 Bxe4
23.Rd1 Bg6 24.h3 Rb4 25.Nh2 Nf6 26.Ng4 Nxg4 27.hxg4 Qb6 28.Rd2 c4 29.a4 Ra8
30.a5 Rxa5 31.Rxa5 Qxa5 32.Qe5 Rb7 33.Qd4 Bd3 34.Rd1 Qb6 35.Qf6 Qxb2 36.Qxh6 Qg7
37.Qh5 Rb1 38.Rxb1 Bxb1 39.f4 c3 40.f5 c2 41.fxe6 c1=Q+ 42.Kh2 Qh7 43.exf7+ Kf8
44.Bxd5 Qxh5+ 45.gxh5 Qd2+  0-1

[Event "Petrovskaya Ladya IM"]
[Site "Peterhof RUS"]
[Date "2008.01.08"]
[Round "8"]
[White "Kashlinskaya,A"]
[Black "Khamitskiy,S"]
[Result "1-0"]
[WhiteElo "2276"]
[BlackElo "2367"]

1.d4 d5 2.c4 dxc4 3.Nf3 c6 4.a4 Nf6 5.Nc3 Bg4 6.Ne5 Bh5 7.Nxc4 e6 8.Qb3 Na6
9.e4 Bb4 10.f3 Nxe4 11.fxe4 Qh4+ 12.g3 Qxe4+ 13.Kf2 Qxd4+ 14.Be3 Qf6+ 15.Kg1 O-O
16.Bg2 Rad8 17.Ne4 Qe7 18.h3 h6 19.Kh2 Kh8 20.Nf2 Qd7 21.Ne5 Qc7 22.Ned3 Bd6
23.Nf4 Bxf4 24.Bxf4 e5 25.Be3 f5 26.Bxa7 Bf7 27.Qb6 Qe7 28.Qe3 Bd5 29.Rhe1 Rde8
30.Nd3 e4 31.Bd4 Kh7 32.Nc5 Nb8 33.a5 g5 34.a6 bxa6 35.Bc3 Qc7 36.Nxa6 Nxa6
37.Rxa6 Rf7 38.Qd4 h5 39.Rea1 h4 40.Ra7 Qxg3+ 41.Kh1 Ree7 42.Rxe7 Rxe7 43.Ra8 Qd6
44.Qh8+ Kg6 45.Rf8 Bf7 46.Qg7+  1-0

[Event "5th TCh-Asia w"]
[Site "Visakhpatnam IND"]
[Date "2008.01.08"]
[Round "6"]
[White "Navabi,S"]
[Black "Hoang Thi Bao Tram"]
[Result "0-1"]
[WhiteElo "2120"]
[BlackElo "2265"]

1.Nf3 Nf6 2.c4 c6 3.d4 d5 4.Qc2 g6 5.Bf4 dxc4 6.Qxc4 Be6 7.Qc2 Bf5 8.Qb3 Qb6
9.Nc3 Qxb3 10.axb3 Nbd7 11.b4 a6 12.b5 cxb5 13.Nxb5 Nd5 14.Nc7+ Nxc7 15.Bxc7 Rc8
16.Bf4 Bg7 17.Rc1 O-O 18.Bd2 e5 19.Rxc8 Rxc8 20.Bc3 e4 21.Nh4 Be6 22.g3 b5
23.e3 Bf8 24.d5 Bxd5 25.Bh3 f5 26.O-O Nb6 27.Ra1 Na4 28.Be5 Bb3 29.g4 fxg4
30.Bxg4 Rc5 31.Bd4 Rg5 32.h3 Bg7 33.Bxg7 Kxg7 34.f4 Rc5 35.Ng2 Rc2 36.Ne1 Rxb2
37.Bc8 a5 38.Bb7 Nc5 39.Bc6 Ba4 40.Ng2 Nb3 41.Rd1 Nd2 42.Ra1 Kf6 43.Bd5 Bb3
44.Bc6 Bc4 45.Rxa5 Nf3+  0-1